000 00706nam a2200229 i 4500
001 C2-0225839
003 PPAK
005 20180728153909.0
008 000612s1963 nyua|||| ||||| | eng d
040 _aPPAK
_beng
_cPPAK
_erda
082 0 4 _a822.33
_223
090 0 0 _a822.33
_bPLA
_dKIH
245 0 4 _aThe play's the thing :
_bseventeen of Shakepeare's greatest dramas
264 1 _aNew York :
_bHarper Collins ,
_c1963
300 _avii, 781 pages :
_billustrations ;
_c23 cm
336 _2rdacontent
_atext
337 _2rdamedia
_aunmediated
338 _2rdacarrier
_avolume
650 1 0 _aShakespeare, William, 1564-1616 - Dramatic works
700 1 _aWright, Luois B,
_eeditor
942 _ddc
_cB
999 _c146414
_d146414